山手線沿線駅外観クイズ2(ヒントあり) - Statistics

General Stats
  • This quiz has been taken 119 times
  • The average score is 9 of 10
Answer Stats
Picture Hint Answer % Correct
東口に西武、西口に東武デパートがある 池袋駅
98%
世界で最も有名な交差点 渋谷駅
98%
おばあちゃんの原宿 巣鴨駅
95%
アメ横 御徒町駅
93%
東京モノレール 浜松町駅
93%
1日平均の乗車人員最下位 高輪ゲートウェイ駅
92%
鉄腕アトムの発車メロディー 高田馬場駅
91%
明治神宮が近い 代々木駅
91%
日本最初の公園の最寄り駅 上野駅
90%
山手線だけの純粋な単独駅 目白駅
89%
No matching quizzes found
Score Distribution
Percent of People with Each Score
Percentile by Number Answered
Your Score History
You have not taken this quiz